000 00424nam a2200133Ia 4500
008 191111s9999 xx 000 0 und d
020 _a9780749474225
100 _aBlakey, John.
245 _cJohn Blakey.--
_aThe Trusted executive :
_bnine leadership habits that inspire results, relationships and reputation /
260 _aUSA :
_bKogan Page
_c2016
300 _axii, 225 pages.
650 _aLeadership
650 _aTrust
999 _c362654
_d362654